LEADER 01197nam a2200241 i 4500 001 000000027133 003 CaOOAMICUS 005 20220215123921.0 008 180830s1680 ne u000 u lat u 040 $aSeMil$bita 100 1 $aHuet, Pierre-Daniel,$d<1630-1721>.$0(OLS)http://semarc/name/11599 245 10$aPetri Danielis Huetii Demonstratio euangelica ad Serenissimum Delphinum. 250 $aEditio altera emendatior, in qua additamenta auctoris singula suis sunt inserta 260 $aAmstelodami :$bApud Janssonio Waesbergios; & Henricum & Theodorum Boom,$c1680. 300 $a2 v. ;$c8°. 500 $aAntip. del v. 1 incisa da K. Decker. - Iniz. xilogr. 700 1 $aBoom, Hendrich & Boom, Dirk,$c.$0(OLS)http://semarc/name/12323 700 1 $aJanssonius van Waesberge, Johannes,$c.$0(OLS)http://semarc/name/5889 774 0 $t[1].$g1$w()43732 774 0 $tTomus secundus.$g2$w()214590 996 $6245$aPetri Danielis Huetii Demonstratio euangelica ad Serenissimum Delphinum$9(OLS)http://semarc/title/36689 996 $6260$aAmstelodami :$bApud Janssonio Waesbergios; & Henricum & Theodorum Boom$9(OLS)http://semarc/publisher/37110 LEADER 01338nam a2200289 i 4500 001 000000345413 003 CaOOAMICUS 005 20251126090233.0 008 210416s2020 it u000 u ita u 020 $a978-88-311-9536-2 040 $aSeMil$bita 100 0 $aOrigenes,$d.$0(OLS)http://semarc/name/467 240 10$aHomiliae in Leviticum.$0(OLS)http://semarc/title/434555 245 10$a3.1: Omelie sul Levitico. Omelie 1.-7. /$cOrigene ; a cura di Carla Noce ; indici a cura di Sara Giorgetti. 264 1$aRoma :$bCittà Nuova,$c2020. 300 $a342 p. ;$c24 cm 700 1 $aGiorgetti, Sara.$0(OLS)http://semarc/name/113602 700 1 $aNoce, Carla,$d<1969- >.$0(OLS)http://semarc/name/113601 773 0 $aOrigenes $tOpere di Origene.$dRoma : Città Nuova, 2002-$bEd. greco-latino-italiana / a cura di Manlio Simonetti e Lorenzo Perrone$g3.1$w()8523 850 $aSeMil 852 $aSeMil$W1$xVenegono$y1$mSL1.U V 18/1$j225414$B236490$CSeMilBibl$Z2$F236490 $81 900 1 $aOrigene. 996 $6020$a978-88-311-9536-2$9(OLS)http://semarc/number/292923 996 $6245$a3.1: Omelie sul Levitico. Omelie 1.-7.$9(OLS)http://semarc/title/434556 996 $6264$aRoma :$bCittà Nuova$9(OLS)http://semarc/publisher/29609